| 000 | 00930nam a2200253 a 4500 | ||
|---|---|---|---|
| 001 | 000048419 | ||
| 005 | 20201002061135.0 | ||
| 008 | 190314s2017 dr r 000 0 spa d | ||
| 020 | _a9789945470567 | ||
| 040 |
_aDO-SdBNP _bspa _cBNPHU |
||
| 082 |
_axxxx _bT676v |
||
| 100 | 1 |
_aTorcal, Mariano _975830 |
|
| 245 | 1 | 3 |
_aEl votante Dominicano : _bciudadanos y elecciones en la República Dominicana / _cMariano Torcal, Leticia M. Ruiz, Gerardo Maldonado. |
| 260 |
_aSanto Domingo : _bFUNGLODE; _bCIDE; _bFLACSO, _c2017. |
||
| 300 |
_a253 p. ; _c23 cm. |
||
| 490 | 1 | _aPolítica | |
| 500 | _aIncluye referencias bibliográficas y notas al pie de las páginas | ||
| 500 | _aIncluye datos biográficos de los autores en la solapa de la cubierta | ||
| 504 | _aBibliografía : p. 227-249 | ||
| 590 | _aInventariado, 2019/BT | ||
| 700 | 1 |
_aRuiz, Leticia M. _975831 |
|
| 700 | 1 |
_aMaldonado, Gerardo _975832 |
|
| 830 | 0 |
_aPolítica _92269 |
|
| 999 |
_c47907 _d47907 |
||